Kvalitný, nie klasický marketing

Názory Philipa Kotlera prezentované na seminári "Iniciatívy marketingu v novej ekonomike", konanom v Bratislave, 8.10.2002. Pozicioning a možnosť získať trh. Snažiť sa byť jednotkou, ale nie vo všetkom. Potreba pracovať s emóciami - emocionálny a zážitkový pozicioning. Potreba budovania značky a pro...

Descripción completa

Guardado en:
Detalles Bibliográficos
Autor principal: Môciková, Renata
Formato: Capítulo de libro
Lenguaje:eslovaco
Materias:
Etiquetas: Agregar Etiqueta
Sin Etiquetas, Sea el primero en etiquetar este registro!

MARC

LEADER 00000naa a2200000 4500
001 r047577
005 20231003075929.0
041 0 |a slo 
044 |a SK 
245 1 0 |a Kvalitný, nie klasický marketing  |c Renata Môciková 
520 |a Názory Philipa Kotlera prezentované na seminári "Iniciatívy marketingu v novej ekonomike", konanom v Bratislave, 8.10.2002. Pozicioning a možnosť získať trh. Snažiť sa byť jednotkou, ale nie vo všetkom. Potreba pracovať s emóciami - emocionálny a zážitkový pozicioning. Potreba budovania značky a prostriedky na rozširovanie značky, slogany. Riadenie vzťahov so zákazníkom /CRM/, analýza ich profitability, profitability segmentu, distribučných kanálov ... . Budovanie dlhodobej hodnoty zákazníka. Pokles účinnosti reklamy, upevnenie pozície public relations, sales promotion, telemarketingu a marketingu zážitkov v marketingovom mixe. Postrehy z vystúpenia P. Kotlera. 
610 2 0 |a ekonomika nová 
610 2 0 |a marketing 
610 2 0 |a metódy 
610 2 0 |a nástroje marketingové 
610 2 0 |a zákazníci 
610 2 0 |a reklama 
610 2 0 |a marketing mix 
100 1 |a Môciková, Renata